Famous Smiles Quiz Stats

 Plays Quiz Updated Apr 7, 2016

Also try: Famous Noses
Challenge
Share
Tweet
Score 0/25 Timer 05:00
0 Plays Today
Image Celebrity % Correct
2Marilyn Monroe
86.4%
3Julia Roberts
85.7%
1Angelina Jolie
72.5%
7Oprah Winfrey
56.6%
23Janet Jackson
55.8%
19George Clooney
54.6%
16Will Smith
53.9%
17Tom Cruise
35%
18Jack Nicholson
30.5%
15Diana, Princess of Wales
29.2%
6Katherine Heigl
29%
11Austin Powers (Mike Myers)
24%
25Freddie Mercury
21.2%
Image Celebrity % Correct
5Jessica Alba
19.6%
4Kirsten Dunst
18.9%
10Tyra Banks
13.2%
20Jim Carrey
12.5%
9Alec Baldwin
10.3%
12Mick Jagger
8%
14Emma Watson
7.7%
21Avril Lavigne
7.6%
24Jennifer Lopez
6.3%
13Simon Cowell
5.5%
8Farrah Fawcett
5.1%
22Justin Timberlake
3.6%

You're not logged in!

Compare scores with friends on all Sporcle quizzes.
Join for Free
OR
Log In

You Might Also Like...

Show Comments

Extras

Top Quizzes Today


Score Distribution

Your Account Isn't Verified!

In order to create a playlist on Sporcle, you need to verify the email address you used during registration. Go to your Sporcle Settings to finish the process.

Report this User

Report this user for behavior that violates our Community Guidelines.

Details: